000 00982nam a2200193 i 4500
001 189521
003 ES-MaACL
005 20230906223507.0
008 190606m18771894gw |||| | ger d
245 0 0 _aMontanstatistik des Deutschen Reichs und Luxemburgs
_b: umfassend die produktion der bergwerke, salinen und hütten und die verarbeitung des roheisens : im Jahre 1875, mit Jahresnachweisen seit 1866 /
_cHerausgegeben vom Kaiselichen Amt.
246 3 _aMonatshefte zur Statistik des Deutschen Reichs
260 _aBerlin :
_bPuttkammer & Mühlbrecht,
_c1877-1894.
300 _a1 v. (pag. variada) ;
_c32 cm.
595 _aSeparatabdruck aus dem Februarheft der Monatshefte zur Statistik des Deutschen Reichs, Jahrgang 1877.
650 4 _aIndustria metalúrgica-
_zAlemania.
_9167299
650 4 _aIndustria metalúrgica-
_zLuxemburgo.
_9167300
650 4 _aMinas-
_zAlemania.
_9167308
852 _aES-MaACL
_jL-32427
_z- Enc. hol.
_z. - Legado Federico de Botella y de Hornos
999 _c189521
_d189521